| 000 | 00597nam a22001817a 4500 | ||
|---|---|---|---|
| 005 | 20231212135215.0 | ||
| 008 | 231212b |||||||| |||| 00| 0 eng d | ||
| 020 | _a9781485107347 | ||
| 041 | _aEnglish | ||
| 082 | _a346.1 HEA | ||
| 100 |
_aHeaton, J _lEnglish |
||
| 245 |
_aThe Law of Divorce and Dissolution of Life Partnerships in South Africa / _cJ Heaton |
||
| 250 | _aFirst Edition | ||
| 260 |
_aCape Town : _bJuta and Company (Pty) Ltd, _c2014 |
||
| 300 |
_bxix, 777 pages ; _c25,5 cm. |
||
| 650 |
_aLegal practice _bLaw |
||
| 942 |
_cBK _6ALISON_BN_VRIES |
||
| 999 |
_c1183 _d1183 |
||